Statistiques concernant Pays qui parlent anglais

Cliquez ici pour prendre le quiz!

Statistiques générales

  • Ce quiz a été pris 3 947 fois
  • Le résultat moyen est 10 sur 16

Statistiques - réponses

%Pays% Correct
92Royaume-Uni
99%
79Etats-Unis
99%
57Canada
93%
90Irlande
91%
73Australie
89%
85Nouvelle-Zélande
82%
99Jamaïque
54%
75Bahamas
51%
99Barbade
48%
99Saint-Vincent-et-les-Grenadines
46%
99Saint-Christophe-et-Niévès
46%
98Grenade
42%
90Antigua-et-Barbuda
41%
95Trinité-et-Tobago
40%
70Belize
31%
90Guyana
24%

Distribution des résultats

Percentile par nombre de réponses

% des personnes avec chaque résultat

Votre développement - résultats

Vous n’avez pas pris ce quiz